000 00740cam a2200181 4500
008 000000n2000 000 0 eng u
035 _a(Sirsi) u106091
245 _aParkview powers on alone
260 _c2000
490 _aProperty Week
_v65(12) 19 May 2000, 6(1)
520 _aHong Kong based developer, Park view International London, is to proceed with developing Battersea Power Station without backing from a third party. The proposed scheme includes two hotels, a theatre, a cinema, shops, restaurants, offices and residential units.
590 _aWB
650 _aBATTERSEA POWER STATION
650 _aMIXED-USE DEVELOPMENTS
650 _aDERELICT BUILDINGS
690 _aBUILDING AND CONSTRUCTION-PROJECTS
942 _n0
999 _c63555
_d63555